00799nas a2200229Ia 4500001001100000003000900011008004100020040001300061040001300074041001300087100004600100210002000146222002000166245010900186250001100295260002800306501008600334300001900420362004600439500004800485650003600533R012/42576IT-RoPAU151124c99999999xx |||||||||||| ||und|| aIT-RoPAU cIT-RoPAU aITALIANO aCattini AlbertogCodice Aut. SPICS: 8279 aCINEMA & CINEMA aCinema & Cinema aCINEMA & CINEMA, ANNO 03-N.07/08 (APRILE-SETTEMBRE 1976)bPollack: Gli Eroi, la Situazione E Il Giudizio a1a ed. aVENEZIAbMARSILIOc1976 bPaulus - SPICS - Società San Paolo EM (non-commercial uses only)cCopyright2015 a9 p. [168-176] aANNO 003, N.07/08 (APRILE-SETTEMBRE 1976) aNote Critiche Sul Cinema di Sydney Pollack. aCINEMAvPUBBLICAZIONE PERIODICA